|
|
|
|
| LEADER |
01456nam a2200277 a 4500 |
| 001 |
GR-Patra15720 |
| 008 |
030724s1999 gr g 000 0 gre d |
| 020 |
|
|
|a 9604059645
|
| 040 |
|
|
|a GrPaTEI
|b gre
|c GR-PaULI
|
| 040 |
|
|
|a GrPaTEI
|b gre
|c GR-PaULI
|
| 082 |
|
0 |
|a 629.287
|2 21
|
| 100 |
1 |
|
|a Knowles, Don
|
| 245 |
1 |
0 |
|a Φρένα φορτηγών αυτοκινήτων και βαρέων οχημάτων :
|b βιβλίο συνεργείου /
|c Don Knowles, Jack Erjavec ; μετάφραση-επιμέλεια: Πολύδωρος Σταυρόπουλος.
|
| 260 |
|
|
|a Αθήνα :
|b εκδόσεις Ίων,
|c c1999
|
| 300 |
|
|
|a 567σ.
|
| 490 |
0 |
|
|a Μηχανικός αυτοκινήτου
|
| 500 |
|
|
|a Τίτλος πρωτοτύπου: Medium/Heavy duty truck brakes, shop manual
|
| 650 |
|
4 |
|a Αυτοκίνητα
|x Συντήρηση και επισκευή
|
| 700 |
1 |
|
|a Erjavec, Jack
|
| 700 |
1 |
|
|a Σταυρόπουλος, Πολύδωρος
|
| 710 |
0 |
|
|a Ιων
|
| 942 |
|
|
|2 ddc
|
| 952 |
|
|
|0 0
|1 0
|2 ddc
|4 0
|6 629_287000000000000_KNO
|7 0
|9 295033
|a LISK
|b LISK
|c BSC
|d 2021-01-17
|e 24
|f 0
|g 0.00
|l 0
|o 629.287 KNO
|p 92410018335
|r 2021-01-17 00:00:00
|t 1
|w 2021-01-17
|y BK15
|x 20030724 0 1
|x GrPaTEI
|
| 952 |
|
|
|0 0
|1 0
|2 ddc
|4 0
|6 629_287000000000000_KNO
|7 0
|9 295034
|a LISK
|b LISK
|c BSC
|d 2021-01-17
|e 24
|f 0
|g 0.00
|l 0
|o 629.287 KNO
|p 92410018336
|r 2021-01-17 00:00:00
|t 1
|w 2021-01-17
|y BK15
|x 20030724 0 1
|x GrPaTEI
|
| 971 |
|
|
|a .b26632354
|b 16-04-20
|c 23-09-16
|
| 999 |
|
|
|c 172139
|d 172139
|